书目信息 |
| 题名: |
五子棋选点诀窍
|
|
| 作者: | 彭建国 , 李洪斌 编著 | |
| 分册: | ||
| 出版信息: | 北京 北京体育大学出版社 2005 |
|
| 页数: | 200页 | |
| 开本: | 21cm | |
| 丛书名: | 五子棋晋级书系 | |
| 单 册: | ||
| 中图分类: | G891.9 | |
| 科图分类: | ||
| 主题词: | 五子棋--基本知识 , 五子棋 | |
| 电子资源: | ||
| ISBN: | 7-81100-255-8 | |
| 000 | 00809oam2 2200265 450 | |
| 001 | 002864632 | |
| 005 | 20061112093848.35 | |
| 010 | @a7-81100-255-8@dCNY13.00 | |
| 100 | @a20050416d2005 em y0chiy0110 ea | |
| 101 | 0 | @achi |
| 102 | @aCN@b110000 | |
| 105 | @ay z 000yy | |
| 200 | 1 | @a五子棋选点诀窍@9wu zi qi xuan dian jue qiao@f彭建国,李洪斌编著 |
| 210 | @a北京@c北京体育大学出版社@d2005 | |
| 215 | @a200页@d21cm | |
| 225 | 2 | @a五子棋晋级书系 |
| 330 | @a本书全面介绍了寒星开局的各种演变和攻防技巧,并附有习题与解答。 | |
| 461 | 0 | @12001 @a五子棋晋级书系 |
| 606 | 0 | @a五子棋@x基本知识 |
| 606 | 0 | @a五子棋 |
| 690 | @aG891.9@v4 | |
| 701 | 0 | @a彭建国@9peng jian guo@f(1954~)@4编著 |
| 701 | 0 | @a李洪斌@9li hong bin@c(棋类运动)@4编著 |
| 801 | 0 | @aCN@bNLC@c20061112 |
| 905 | @a10447@dG891.9@e229 | |
| 五子棋选点诀窍/彭建国,李洪斌编著.-北京:北京体育大学出版社,2005 |
| 200页;21cm.-(五子棋晋级书系) |
| ISBN 7-81100-255-8:CNY13.00 |
| 本书全面介绍了寒星开局的各种演变和攻防技巧,并附有习题与解答。 |
| ● |
| 相关链接 |
|
|
|
|
正题名:五子棋选点诀窍
索取号:G891.9/229
 
预约/预借
| 序号 | 登录号 | 条形码 | 馆藏地/架位号 | 状态 | 备注 |
| 1 | 0383750 | 203837508 | 第一样本阅览室/ [索取号:G891.9/229] | 在馆 | |
| 2 | 0383751 | 203837517 | 第四借阅区/ [索取号:G891.9/229] | 在馆 | |
| 3 | 0383752 | 203837526 | 第四借阅区/ [索取号:G891.9/229] | 在馆 | |
| 4 | 0383753 | 203837535 | 第四借阅区/ [索取号:G891.9/229] | 在馆 | |
| 5 | 0383754 | 203837544 | 第四借阅区/ [索取号:G891.9/229] | 在馆 |